| 000 | 01291nam2a22002291 4500 | ||
|---|---|---|---|
| 001 | rc\1133660 | ||
| 005 | 20250622193051.0 | ||
| 035 | _a(NLR Aleph) 006381896 | ||
| 090 |
_a5086248 _c5086248 |
||
| 100 | _a20041126d1987 |||y0rusy50 ca | ||
| 101 | 0 | _arus | |
| 102 | _aRU | ||
| 105 | _ay ||||||||| | ||
| 200 | 0 |
_a... за 1983-1986 гг. _fСост. Д.Х. Бортникова _gРед. Т.Г. Манько |
|
| 210 |
_d1987 _aБ. м. |
||
| 215 | _a143 с. | ||
| 461 | 0 |
_1001rc\1133657 _12001#$aСелекция высокопродуктивных пород сельскохозяйственных животных и птиц и организация племенного дела$eУказ. лит. ... отеч. и иностр.$fВАСХНИЛ, Центр. науч. с.-х. б-ка$v... за 1983-1986 гг. _95086228 _cМ. _d1980- _fВАСХНИЛ, Центр. науч. с.-х. б-ка _nЦНСХБ _oУказ. лит. ... отеч. и иностр. _tСелекция высокопродуктивных пород сельскохозяйственных животных и птиц и организация племенного дела _v... за 1983-1986 гг. |
|
| 801 | 0 |
_aRU _bNLR _gpsbo |
|
| 801 | 1 |
_aRU _bELAR _2rusmarc |
|
| 852 |
_aNLR _bС _jК-2/490 |
||
| 942 | _cBOOK | ||
| 980 | _aNB | ||